Coupes du Monde de Football: Le parcours des Vainqueurs - Statistiques

Statistiques générales
  • Ce quiz a été pris 349 fois
  • Le résultat moyen est 37 sur 49
Statistiques - réponses
Réponse % Correct
France
99%
Argentine
98%
Brésil
98%
Croatie
97%
Allemagne
96%
RFA
95%
Belgique
94%
Pays-Bas
94%
Uruguay
94%
Italie
93%
Australie
92%
Arabie Saoudite
91%
Danemark
90%
Portugal
89%
Angleterre
87%
Etats-Unis
86%
Mexique
86%
Algérie
85%
Pologne
85%
Pérou
84%
Suède
84%
Espagne
82%
Suisse
82%
Corée du Sud
78%
Chili
77%
Paraguay
77%
Hongrie
75%
Russie
75%
Turquie
75%
Colombie
73%
Afrique du Sud
72%
URSS
71%
Yougoslavie
71%
Ghana
67%
Cameroun
66%
Tchécoslovaquie
65%
Autriche
64%
Norvège
63%
Chine
60%
Costa Rica
58%
Bulgarie
57%
Ukraine
57%
République Tchèque
56%
Roumanie
52%
Honduras
47%
RDA
47%
Pays de Galles
46%
Bolivie
44%
Emirats Arabes Unis
20%
Aucun quiz correspondant
Distribution des résultats
% des personnes avec chaque résultat
Percentile par nombre de réponses
Votre historique - résultats
Vous n’avez pas pris ce quiz